| 000 | 00000nas##2200000za#4500 |
|---|---|
| 001 | 9.514439 |
| 003 | CaOODSP |
| 005 | 20200325125616 |
| 007 | ta |
| 008 | 150406c1995||||xxc|| m #||||f| |0eng|d |
| 040 | |aCaOODSP|beng |
| 043 | |an-cn--- |
| 086 | 1 |aC21-24E |
| 110 | 1 |aCanada.|bIndustry Canada. |bMicro-Economic Analysis Directorate. |
| 245 | 10|aWorking paper series |
| 260 | |aOttawa - Ontario : |bIndustry Canada. |
| 563 | |aSoftcover |
| 785 | 00|tWorking paper |w(CaOODSP)9.509052 |